LEGO Marvel Super Heroes: MCU Villains Minifigures by Picture - Statistics

General Stats
  • This quiz has been taken 136 times
    48 since last reset
  • The average score is 47 of 59
Answer Stats
Picture Hint Answer % Correct
Thor (2011) Loki
100%
The Avengers (2012) Loki
100%
Captain America: The First Avenger (2011) Red Skull
100%
Captain America: Civil War (2016) Iron Man
96%
Spider-Man: Far From Home (2019) Mysterio
96%
Guardians of the Galaxy (2014) Nebula
96%
Avengers: Infinity War (2018) Thanos
96%
Avengers: Endgame (2019) Thanos
96%
Avengers: Age of [...] (2015) Ultron
96%
Spider-Man: Homecoming (2017) Vulture
96%
Iron Man 2 (2010) Whiplash
96%
Captain America: The [...] (2014) Winter Soldier
96%
Spider-Man: No Way Home (2021) Doctor Octopus
93%
Spider-Man: No Way Home (2021) Electro
93%
Black Panther (2018) Erik Killmonger
93%
Spider-Man: No Way Home (2021) Green Goblin
93%
Thor: Ragnarok (2017) Hela
93%
Spider-Man: No Way Home (2021) Lizard
93%
Spider-Man: No Way Home (2021) Sandman
93%
Guardians of the Galaxy (2014) Ronan the Accuser
89%
Doctor Strange in the Multiverse of Madness (2022) Scarlet Witch
89%
Ant-Man (2015) Yellowjacket
89%
Iron Man 3 (2013) Aldrich Killian
85%
Avengers: Doomsday (2026) Doctor Doom
85%
Ant-Man and the Wasp (2018) Ghost
85%
Thor: Ragnarok (2017) Grandmaster
85%
Captain America: Brave New World (2025) Red Hulk
85%
Black Widow (2021) Taskmaster
85%
Black Panther (2018) Ulysses Klaue
85%
Avengers: Infinity War (2018) Cull Obsidian
81%
Avengers: Infinity War (2018) Ebony Maw
81%
The Fantastic Four: First Steps (2025) Galactus
81%
Iron Man (2008) Iron Monger
81%
Spider-Man: Homecoming (2017) Shocker
81%
Guardians of the Galaxy Vol. 3 (2023) Adam Warlock
78%
WandaVision (2021) Agatha Harkness
78%
Captain America: Civil War (2016) Crossbones
78%
Thor: Love and Thunder (2022) Gorr the God Butcher
78%
Black Panther: Wakanda Forever (2022) Namor the Sub-Mariner
78%
Iron Man 3 (2013) Trevor Slattery
78%
Spider-Man: Far From Home (2019) Hydro-Man
74%
Avengers: Infinity War (2018) Proxima Midnight
74%
Loki (2021-2023) Sylvie
74%
Guardians of the Galaxy Vol. 2 (2017) Taserface
74%
Avengers: Infinity War (2018) Corvus Glaive
70%
Doctor Strange in the Multiverse of Madness (2022) Master Mordo
70%
Captain America: The [...] (2014) Alexander Pierce
67%
Shang-Chi and the Legend of the Ten Rings (2021) Wenwu
67%
Guardians of the Galaxy Vol. 2 (2017) Ayesha
63%
Avengers: Age of [...] (2015) Baron Wolfgang Von Strucker
63%
Hawkeye (2021) Echo
63%
Captain Marvel (2019) Talos
63%
Eternals (2021) Ikaris
59%
Black Panther: Wakanda Forever (2022) Attuma
52%
Spider-Man: Far From Home (2019) Molten Man
52%
Shang-Chi and the Legend of the Ten Rings (2021) Death Dealer
48%
Shang-Chi and the Legend of the Ten Rings (2021) Razor Fist
48%
Eternals (2021) Sprite
48%
Eternals (2021) Kro
37%
No matching quizzes found
Score Distribution
Percent of People with Each Score
Percentile by Number Answered
Your Score History
You have not taken this quiz since the last reset